Score 0/10 Timer 05:00
0 Plays Today
Rank Country % Correct
2)USA
100%
6)Russia
97.8%
1) China
95.6%
3)India
91.1%
4)Australia
88.9%
10) Ukraine
82.2%
5)Indonesia
80%
7)South Africa
62.2%
8) Kazakhstan
62.2%
9)Colombia
42.2%
Remove Ads.
Support Sporcle.
Get the best of Sporcle when you Go Orange. This ad-free experience offers more features, more stats, and more fun while also helping to support Sporcle. Thank you for becoming a member.

You're not logged in!

Compare scores with friends on all Sporcle quizzes.
OR
Log In

Show Comments

Extras

Created Sep 30, 2019ReportNominate
Tags:Country Quiz, coal, Producing, Top 10

Top Quizzes Today


Score Distribution

Your Account Isn't Verified!

In order to create a playlist on Sporcle, you need to verify the email address you used during registration. Go to your Sporcle Settings to finish the process.

Report this User

Report this user for behavior that violates our Community Guidelines.

Details: